[Event "Plzen, FSB A"]
[Site "?"]
[Date "2003.??.??"]
[Round "6.2"]
[White "Cvek, R."]
[Black "Kalod, R."]
[Result "0-1"]
[WhiteElo "2471"]
[BlackElo "2435"]
[PlyCount "86"]
[EventDate "2003.??.??"]
[Source "ChessBase"]
[SourceDate "1996.11.15"]

1. Nf3 Nf6 2. c4 g6 3. Nc3 Bg7 4. e4 c5 5. d4 cxd4 6. Nxd4 Nc6 7. Be3 O-O 8.
Be2 d6 9. O-O Bd7 10. Qd2 Nxd4 11. Bxd4 Bc6 12. f3 Nd7 13. Kh1 Bxd4 14. Qxd4
Qb6 15. Qd2 a5 16. f4 Nc5 17. Bf3 Qb4 18. Qe2 a4 19. Rac1 Rfc8 20. f5 Qa5 21.
e5 dxe5 22. Bd5 Rf8 23. Qg4 Kg7 24. Qf3 f6 25. Bxc6 bxc6 26. Qxc6 Rfd8 27. h3
Rac8 28. Qf3 Rd3 29. Qg4 Rd4 30. Qe2 Nd3 31. Rcd1 Nf4 32. Qf3 Rcxc4 33. Rxd4
Rxd4 34. fxg6 hxg6 35. a3 Qb6 36. Ne2 Rd3 37. Qg4 Nxe2 38. Qxe2 Qd4 39. Rf2
Rd1+ 40. Kh2 e4 41. Rf4 Qg1+ 42. Kg3 Rd3+ 43. Kh4 Qc5 0-1

[Event "Plzen, FSB A"]
[Site "?"]
[Date "2003.??.??"]
[Round "6.3"]
[White "Lechtynsky, J."]
[Black "Jansa, V."]
[Result "1/2-1/2"]
[WhiteElo "2431"]
[BlackElo "2470"]
[PlyCount "33"]
[EventDate "2003.??.??"]
[Source "ChessBase"]
[SourceDate "1996.11.15"]

1. c4 Nf6 2. Nf3 c5 3. g3 b6 4. Bg2 Bb7 5. O-O e6 6. Nc3 Be7 7. d4 cxd4 8. Qxd4
d6 9. Rd1 a6 10. b3 Nbd7 11. e4 Qb8 12. Ba3 Nc5 13. e5 dxe5 14. Qxe5 Ncd7 15.
Qxb8+ Rxb8 16. Bb2 O-O 17. Rac1 1/2-1/2

[Event "Plzen, FSB A"]
[Site "?"]
[Date "2003.??.??"]
[Round "6.5"]
[White "Klima, L."]
[Black "Neuman, P."]
[Result "1/2-1/2"]
[WhiteElo "2425"]
[BlackElo "2438"]
[PlyCount "22"]
[EventDate "2003.??.??"]
[Source "ChessBase"]
[SourceDate "1996.11.15"]

1. e4 c5 2. Nf3 d6 3. d4 cxd4 4. Nxd4 Nf6 5. Nc3 Nc6 6. Bc4 Bd7 7. Bb3 g6 8. f3
Nxd4 9. Qxd4 Bg7 10. Bg5 O-O 11. Qd2 b5 1/2-1/2

[Event "Plzen, FSB A"]
[Site "?"]
[Date "2003.??.??"]
[Round "6.6"]
[White "Novak, P."]
[Black "Bernasek, J."]
[Result "1/2-1/2"]
[WhiteElo "2317"]
[BlackElo "2402"]
[PlyCount "55"]
[EventDate "2003.??.??"]
[Source "ChessBase"]
[SourceDate "1996.11.15"]

1. e4 c5 2. Nf3 e6 3. c3 Qc7 4. d4 d6 5. Bf4 Nf6 6. dxc5 Qxc5 7. Na3 Bd7 8. Bd3
Be7 9. O-O e5 10. Bg5 O-O 11. Nc2 Be6 12. Ne3 Nbd7 13. c4 h6 14. Bxf6 Nxf6 15.
Qd2 Rac8 16. Rac1 Qb6 17. b4 Qd8 18. Qb2 Qd7 19. Rfd1 Rfd8 20. Rc3 Qe8 21. Rdc1
Rc7 22. g3 Rdc8 23. R1c2 Bd8 24. a3 Bd7 25. Nd2 Be6 26. Qc1 g6 27. Ndf1 Kg7 28.
Nd2 1/2-1/2

[Event "Plzen, FSB A"]
[Site "?"]
[Date "2003.??.??"]
[Round "6.7"]
[White "Vokac, M."]
[Black "Plischki, S."]
[Result "0-1"]
[WhiteElo "2490"]
[BlackElo "2310"]
[PlyCount "96"]
[EventDate "2003.??.??"]
[Source "ChessBase"]
[SourceDate "1996.11.15"]

1. d4 Nf6 2. Nf3 e6 3. c4 c5 4. e3 b6 5. Nc3 Bb7 6. d5 exd5 7. cxd5 g6 8. e4 d6
9. Bb5+ Nbd7 10. Bg5 Be7 11. e5 Ng4 12. Ne4 O-O 13. Bxe7 Qxe7 14. Bxd7 Qxd7 15.
h3 f5 16. e6 Qe7 17. Nc3 Nf6 18. O-O b5 19. a3 b4 20. axb4 cxb4 21. Nb5 a6 22.
Nbd4 Bxd5 23. Re1 Rfe8 24. Ra5 Qb7 25. Qd3 Be4 26. Qd2 Bxf3 27. gxf3 Qb6 28.
Rxf5 Kg7 29. Rxf6 Kxf6 30. Qf4+ Kg7 31. Qf7+ Kh8 32. Qf6+ Kg8 33. Qf7+ Kh8 34.
Qf6+ Kg8 35. e7 Ra7 36. Nf5 gxf5 37. Qg5+ Kh8 38. Qxf5 Kg8 39. Qg5+ Kh8 40.
Qf6+ Kg8 41. Qe6+ Kh8 42. Re4 Raxe7 43. Qf6+ Rg7+ 44. Kh1 Qd8 45. Qxd8 Rxd8 46.
Rxb4 d5 47. Rd4 Rb7 48. b4 Rc7 0-1

[Event "Plzen, FSB A"]
[Site "?"]
[Date "2003.??.??"]
[Round "6.8"]
[White "Studnicka, T."]
[Black "Polak, T."]
[Result "0-1"]
[WhiteElo "2282"]
[BlackElo "2473"]
[PlyCount "60"]
[EventDate "2003.??.??"]
[Source "ChessBase"]
[SourceDate "1996.11.15"]

1. d4 b6 2. c4 e6 3. Nc3 Bb7 4. e4 g6 5. f4 Bg7 6. Nf3 Ne7 7. Bd3 d6 8. O-O Nd7
9. Kh1 O-O 10. Be3 h6 11. Qd2 f5 12. e5 Kh7 13. Rad1 a6 14. Qf2 dxe5 15. dxe5
Nc6 16. a3 Qe7 17. b4 Rad8 18. Qg3 Rfe8 19. Bc2 a5 20. Nb5 Nf8 21. c5 bxc5 22.
Bxc5 Qf7 23. bxa5 Nxa5 24. Rxd8 Rxd8 25. Qh4 Qd7 26. Rd1 Qxb5 27. Qxd8 Qxc5 28.
Qd3 Be4 29. Qe2 Qxc2 30. Qxc2 Bxc2 0-1

[Event "Plzen, FSB A"]
[Site "?"]
[Date "2003.??.??"]
[Round "6.9"]
[White "Simacek, P."]
[Black "Kantorik, M."]
[Result "1/2-1/2"]
[WhiteElo "2437"]
[BlackElo "2272"]
[PlyCount "102"]
[EventDate "2003.??.??"]
[Source "ChessBase"]
[SourceDate "1996.11.15"]

1. e4 c6 2. d4 d5 3. Nc3 dxe4 4. Nxe4 Nd7 5. Qe2 e6 6. Nf3 Ngf6 7. Nxf6+ Nxf6
8. Bd2 Be7 9. O-O-O b6 10. g4 Bb7 11. g5 Nd7 12. Rg1 Qc7 13. Rg4 O-O-O 14. Bf4
Bd6 15. Bxd6 Qxd6 16. Nd2 Kb8 17. Ne4 Qe7 18. Kb1 e5 19. Ng3 Rhe8 20. Bh3 Ka8
21. Re4 Qxg5 22. Nf5 Nf6 23. Rxe5 c5 24. dxc5 Ne4 25. Rxd8+ Qxd8 26. Rxe8 Qxe8
27. Qe3 Qd8 28. Kc1 g6 29. Nd6 Nxd6 30. cxd6 Qxd6 31. Qe8+ Qb8 32. Qxf7 a6 33.
f4 Qd6 34. Qe8+ Ka7 35. Qe5 Qc6 36. f5 Qf3 37. Qg3 Qh1+ 38. Kd2 Qd5+ 39. Qd3
Qe5 40. Qg3 Qd5+ 41. Qd3 Qe5 42. Qg3 Qxb2 43. fxg6 Qd4+ 44. Qd3 Qf4+ 45. Kc3 a5
46. Kb2 Qf6+ 47. Qc3 Qxg6 48. Qe5 Qc6 49. Bf5 h6 50. Bd3 Qg2 51. a3 Qg4 1/2-1/2

[Event "Plzen, FSB A"]
[Site "?"]
[Date "2003.??.??"]
[Round "6.10"]
[White "Michalek, J."]
[Black "Rehorek, M."]
[Result "1/2-1/2"]
[WhiteElo "2390"]
[BlackElo "2254"]
[PlyCount "73"]
[EventDate "2003.??.??"]
[Source "ChessBase"]
[SourceDate "1996.11.15"]

1. e4 c6 2. d4 g6 3. Nc3 Bg7 4. h3 d5 5. Nf3 dxe4 6. Nxe4 Bf5 7. Ng3 Bd7 8. Bc4
Nf6 9. O-O O-O 10. Re1 Nd5 11. Qe2 Re8 12. Bb3 Na6 13. c4 Nf6 14. Bf4 Nc7 15.
Rad1 a5 16. a3 Ne6 17. Be3 a4 18. Ba2 Qa5 19. Ne5 Rad8 20. f4 Bc8 21. Qf2 Nd7
22. d5 Nec5 23. Nxd7 Nxd7 24. f5 Qa6 25. Rf1 Nf6 26. Kh1 Bd7 27. Bb6 Rc8 28.
Bd4 cxd5 29. cxd5 Bb5 30. Rfe1 Bc4 31. Bxc4 Rxc4 32. fxg6 hxg6 33. Bxf6 Qxf6
34. Qxf6 Bxf6 35. d6 Kf8 36. Re4 Rc6 37. dxe7+ 1/2-1/2

[Event "Plzen, FSB A"]
[Site "?"]
[Date "2003.??.??"]
[Round "6.13"]
[White "Maurer, J."]
[Black "Sikora-Lerch, J."]
[Result "0-1"]
[WhiteElo "2180"]
[BlackElo "2324"]
[PlyCount "98"]
[EventDate "2003.??.??"]
[Source "ChessBase"]
[SourceDate "1996.11.15"]

1. e4 d5 2. exd5 Nf6 3. Bb5+ Bd7 4. Bc4 Bg4 5. f3 Bc8 6. Nc3 Nbd7 7. Nge2 Nb6
8. b3 Nfxd5 9. Nxd5 Nxd5 10. Bb2 e6 11. Ng3 Nf4 12. Kf2 Qh4 13. Be5 Ng6 14. Bc3
Bd7 15. Qe2 Nf4 16. Qe4 Bc6 17. Bb5 Nh3+ 18. gxh3 Qxe4 19. fxe4 Bxb5 20. Ke3
Bc5+ 21. d4 Be7 22. Nh5 Bg5+ 23. Kf2 O-O-O 24. Rhg1 Bh4+ 25. Ke3 g6 26. a4 Bd7
27. Nf4 f5 28. Nd3 fxe4 29. Ne5 Rhf8 30. Raf1 Rf5 31. Kxe4 Rdf8 32. Rxf5 exf5+
33. Kd3 Be6 34. Bb4 Rd8 35. c4 Rxd4+ 36. Kxd4 Bf2+ 37. Kd3 Bxg1 38. Nf3 Bf2 39.
Ke2 a5 40. Bxa5 Bc5 41. Bc3 Bd6 42. Bd4 Be7 43. h4 Bd7 44. h5 g5 45. Ne5 Be8
46. h4 g4 47. Ng6 Bxg6 48. hxg6 hxg6 49. Bf2 f4 0-1

[Event "Plzen, FSB A"]
[Site "?"]
[Date "2003.??.??"]
[Round "6.14"]
[White "Kopasov, E."]
[Black "Gross, D."]
[Result "1/2-1/2"]
[WhiteElo "2154"]
[BlackElo "2451"]
[PlyCount "56"]
[EventDate "2003.??.??"]
[Source "ChessBase"]
[SourceDate "1996.11.15"]

1. d4 Nf6 2. c4 g6 3. Nc3 Bg7 4. e4 d6 5. f3 O-O 6. Be3 e5 7. d5 a5 8. Bd3 Na6
9. Nge2 Bd7 10. O-O Nc5 11. Bc2 c6 12. dxc6 Bxc6 13. Qd2 Qe7 14. Rfd1 Rfd8 15.
b3 Nh5 16. a3 f5 17. exf5 gxf5 18. b4 f4 19. Bf2 axb4 20. axb4 Rxa1 21. Rxa1 e4
22. Bd4 exf3 23. Bxg7 Qxg7 24. Nd4 Re8 25. Nxc6 bxc6 26. bxc5 Re2 27. Ra8+ Kf7
28. Ra7+ Ke8 1/2-1/2

[Event "Plzen, FSB A"]
[Site "?"]
[Date "2003.??.??"]
[Round "6.15"]
[White "Laznicka, V."]
[Black "Blazkova, P."]
[Result "1-0"]
[WhiteElo "2446"]
[BlackElo "2222"]
[PlyCount "85"]
[EventDate "2003.??.??"]
[Source "ChessBase"]
[SourceDate "1996.11.15"]

1. e4 c5 2. Nf3 d6 3. d4 cxd4 4. Nxd4 Nf6 5. Nc3 Nc6 6. f3 e5 7. Nb3 Be6 8. Be3
Be7 9. Be2 d5 10. exd5 Nxd5 11. Nxd5 Qxd5 12. Qxd5 Bxd5 13. O-O-O O-O-O 14.
Rhe1 Kb8 15. Kb1 h5 16. Bf1 Bh4 17. g3 Bxf3 18. Rd2 Be7 19. Rf2 Bd5 20. c4 Be4+
21. Kc1 Bg6 22. a3 Bf6 23. Nc5 Nd4 24. Bg2 Nf5 25. Bd2 Nd6 26. b3 Rhe8 27. Ba5
b6 28. Na6+ Kc8 29. Bc3 Bf5 30. Nb4 Bd7 31. Kb2 Nb7 32. Nd5 Nc5 33. Kc2 b5 34.
Bb4 Na6 35. Ba5 bxc4 36. Nxf6 cxb3+ 37. Kxb3 Be6+ 38. Kb2 gxf6 39. Rc1+ Kb8 40.
Ka1 Rd3 41. Rb2+ Bb3 42. Bf1 Nc5 43. Bxd3 1-0

[Event "Plzen, FSB A"]
[Site "?"]
[Date "2003.??.??"]
[Round "6.16"]
[White "Pribyl, J."]
[Black "Hrbolka sr., L."]
[Result "1-0"]
[WhiteElo "2393"]
[BlackElo "2174"]
[PlyCount "59"]
[EventDate "2003.??.??"]
[Source "ChessBase"]
[SourceDate "1996.11.15"]

1. d4 Nf6 2. Nf3 g6 3. Nc3 d5 4. Bf4 Bg7 5. e3 c6 6. h3 O-O 7. Be2 Nbd7 8. O-O
b6 9. Re1 Bb7 10. a4 Ne4 11. Nxe4 dxe4 12. Ne5 Rc8 13. a5 Nxe5 14. dxe5 Ra8 15.
a6 Bc8 16. Qd4 Qc7 17. g4 Be6 18. c4 Rad8 19. Qxe4 Rd2 20. b4 Rfd8 21. Bf3 c5
22. b5 Qc8 23. Rad1 f5 24. exf6 exf6 25. Rxd2 Rxd2 26. Rd1 f5 27. Qb7 Rxd1+ 28.
Bxd1 Qd8 29. Be2 fxg4 30. Qxa7 1-0

[Event "Plzen, FSB A"]
[Site "?"]
[Date "2003.??.??"]
[Round "6.17"]
[White "Jurek, J."]
[Black "Zeleny, T."]
[Result "1/2-1/2"]
[WhiteElo "2342"]
[BlackElo "2187"]
[PlyCount "72"]
[EventDate "2003.??.??"]
[Source "ChessBase"]
[SourceDate "1996.11.15"]

1. Nf3 Nf6 2. c4 g6 3. d4 Bg7 4. g3 O-O 5. Bg2 d6 6. Nc3 Nc6 7. O-O Bf5 8. d5
Na5 9. Nd2 c6 10. e4 Bg4 11. Qc2 cxd5 12. cxd5 Rc8 13. h3 Bd7 14. Qd3 e6 15. b4
Nxd5 16. exd5 Rxc3 17. Qe2 Rc7 18. Rb1 Nc4 19. Nxc4 Bb5 20. Rd1 Bxc4 21. Qd2
Re8 22. Bb2 Bxb2 23. Rxb2 e5 24. b5 Rc5 25. Rc1 Qd7 26. a4 e4 27. Qd4 Bxd5 28.
Rxc5 dxc5 29. Qxc5 b6 30. Qd4 f5 31. Rd2 Rd8 32. f3 exf3 33. Bxf3 Be6 34. Qf6
Qxd2 35. Qxe6+ Kg7 36. Qe7+ Kg8 1/2-1/2

[Event "Plzen, FSB A"]
[Site "?"]
[Date "2003.??.??"]
[Round "6.18"]
[White "Horak, M."]
[Black "Cifka, S."]
[Result "1/2-1/2"]
[WhiteElo "2341"]
[BlackElo "2160"]
[PlyCount "88"]
[EventDate "2003.??.??"]
[Source "ChessBase"]
[SourceDate "1996.11.15"]

1. e4 e6 2. Qe2 c5 3. f4 Nc6 4. Nf3 Nge7 5. c3 d5 6. d3 b6 7. g3 Ba6 8. e5 Nf5
9. Bg2 Be7 10. O-O h5 11. Na3 c4 12. d4 b5 13. Nc2 b4 14. Ne3 Nxe3 15. Qxe3 g6
16. h3 Qd7 17. Bd2 Bb5 18. Rf2 a5 19. b3 Qa7 20. g4 hxg4 21. hxg4 O-O-O 22. Bf1
Rd7 23. Rc1 Rc7 24. Rh2 Rxh2 25. Kxh2 Qa6 26. Bh3 cxb3 27. axb3 Be2 28. Ne1
bxc3 29. Bxc3 Ba3 30. Rc2 Bd1 31. Ra2 Bb4 32. Bxb4 Nxb4 33. Rf2 Nc2 34. Qd2
Nxe1 35. Qxd1 Qd3 36. Qxe1 Rc3 37. Bg2 Qxd4 38. Qf1 Kd8 39. Ra2 Rxb3 40. Rxa5
g5 41. fxg5 Qxe5+ 42. Kh1 Qh8+ 43. Kg1 Qd4+ 44. Kh1 Qh8+ 1/2-1/2

[Event "Plzen, FSB A"]
[Site "?"]
[Date "2003.??.??"]
[Round "6.20"]
[White "Tuma, J."]
[Black "Volodin, V."]
[Result "1/2-1/2"]
[WhiteElo "2138"]
[BlackElo "2279"]
[PlyCount "46"]
[EventDate "2003.??.??"]
[Source "ChessBase"]
[SourceDate "1996.11.15"]

1. e4 c5 2. Nf3 Nc6 3. d4 cxd4 4. Nxd4 Nf6 5. Nc3 e5 6. Ndb5 d6 7. a4 a6 8. Na3
Be7 9. Bg5 Be6 10. Bc4 Rc8 11. Bxf6 Bxf6 12. Nd5 Bg5 13. O-O O-O 14. c3 Kh8 15.
Qe2 g6 16. Rfd1 Nb8 17. Ba2 Nd7 18. Nc4 Nf6 19. Nxd6 Bg4 20. f3 Qxd6 21. Nxf6
Qxf6 22. fxg4 Qb6+ 23. Kh1 Rcd8 1/2-1/2

[Event "Plzen, FSB A"]
[Site "?"]
[Date "2003.??.??"]
[Round "6.23"]
[White "Gross, S."]
[Black "Bartonicek sr., Z."]
[Result "1-0"]
[WhiteElo "2328"]
[BlackElo "2127"]
[PlyCount "53"]
[EventDate "2003.??.??"]
[Source "ChessBase"]
[SourceDate "1996.11.15"]

1. c4 c5 2. Nf3 Nc6 3. Nc3 Nf6 4. g3 g6 5. d4 cxd4 6. Nxd4 Bg7 7. Bg2 O-O 8.
O-O Nxd4 9. Qxd4 d6 10. Qd3 a5 11. Rb1 Nd7 12. b3 Nc5 13. Qc2 Bd7 14. Bb2 Bc6
15. Nd5 Bxb2 16. Qxb2 Bxd5 17. Bxd5 Qc7 18. h4 h5 19. Rfd1 Nd7 20. Qd2 Nf6 21.
Qh6 Rab8 22. Qxg6+ Kh8 23. Bxf7 Rxf7 24. Qxf7 Rg8 25. Rd5 Rg7 26. Qf8+ Kh7 27.
Rg5 1-0

[Event "Plzen, FSB A"]
[Site "?"]
[Date "2003.??.??"]
[Round "6.24"]
[White "Trkulja, Z."]
[Black "Novacek, K."]
[Result "1-0"]
[WhiteElo "2220"]
[BlackElo "2116"]
[PlyCount "83"]
[EventDate "2003.??.??"]
[Source "ChessBase"]
[SourceDate "1996.11.15"]

1. e4 e5 2. d4 exd4 3. Nf3 Nc6 4. Bc4 Nf6 5. O-O Bc5 6. e5 d5 7. exf6 dxc4 8.
fxg7 Rg8 9. Bg5 Qd6 10. Nbd2 Qg6 11. Ne4 Be7 12. Bxe7 Kxe7 13. Nxd4 Rxg7 14.
Ng3 Bg4 15. f3 Bd7 16. Qe2+ Kf8 17. Qxc4 h5 18. Nxc6 Bxc6 19. Qc5+ Kg8 20. Qxh5
Qxc2 21. Rf2 Qg6 22. Qe5 Re8 23. Qxc7 Qg5 24. Rd1 f5 25. Qa5 Rf8 26. f4 Qg4 27.
Rd8 Rgf7 28. Rxf8+ Rxf8 29. Qd2 Qh4 30. Qe2 Re8 31. Qc4+ Kf8 32. Qb4+ Qe7 33.
Qxe7+ Rxe7 34. Re2 Rf7 35. Re5 Bd7 36. Nf1 Rg7 37. Ne3 Bc8 38. Nd5 Bd7 39. Kf2
Bc6 40. Ne3 Be4 41. g4 Re7 42. Ke1 1-0

[Event "Plzen, FSB A"]
[Site "?"]
[Date "2003.??.??"]
[Round "6.26"]
[White "Brom, J."]
[Black "Toman, J."]
[Result "0-1"]
[WhiteElo "2201"]
[BlackElo "2107"]
[PlyCount "40"]
[EventDate "2003.??.??"]
[Source "ChessBase"]
[SourceDate "1996.11.15"]

1. e4 d6 2. d4 g6 3. c4 Bg7 4. Nc3 Nf6 5. Nf3 O-O 6. g3 Bg4 7. Bg2 Nc6 8. O-O
e5 9. d5 Nd4 10. Qd3 Nd7 11. Ne1 Nc5 12. Qd2 a5 13. f3 Bd7 14. Rb1 f5 15. Nc2
fxe4 16. Nxe4 Nxe4 17. fxe4 Rxf1+ 18. Kxf1 Qf6+ 19. Kg1 Nf3+ 20. Bxf3 Qxf3 0-1

[Event "Plzen, FSB A"]
[Site "?"]
[Date "2003.??.??"]
[Round "6.29"]
[White "Kratochvil, M."]
[Black "Pech, V."]
[Result "1-0"]
[WhiteElo "2102"]
[BlackElo "2171"]
[PlyCount "69"]
[EventDate "2003.??.??"]
[Source "ChessBase"]
[SourceDate "1996.11.15"]

1. d4 Nf6 2. c4 g6 3. Nc3 Bg7 4. e4 d6 5. f3 O-O 6. Be3 Nbd7 7. Qd2 c5 8. Nge2
a6 9. d5 Ne5 10. Nc1 Nh5 11. Be2 e6 12. O-O b5 13. cxb5 axb5 14. Nxb5 exd5 15.
Qxd5 Be6 16. Qxd6 Nc4 17. Qxd8 Rfxd8 18. Bg5 Rd7 19. Nd3 Rb8 20. Nxc5 Rxb5 21.
Nxe6 fxe6 22. Bxc4 Rxg5 23. Bxe6+ Rf7 24. Bxf7+ Kxf7 25. Rfd1 Rb5 26. Rab1 Rxb2
27. Rxb2 Bxb2 28. a4 Bc3 29. Kf2 Ke6 30. Ke3 Nf6 31. Kd3 Ba5 32. Kc4 Ne8 33.
Kb5 Bc3 34. a5 Nd6+ 35. Kc6 1-0

[Event "Plzen, FSB A"]
[Site "?"]
[Date "2003.??.??"]
[Round "6.30"]
[White "Pokrupa, M."]
[Black "Kubikova, A."]
[Result "1/2-1/2"]
[WhiteElo "2115"]
[BlackElo "2170"]
[PlyCount "117"]
[EventDate "2003.??.??"]
[Source "ChessBase"]
[SourceDate "1996.11.15"]

1. d4 Nf6 2. Nf3 c5 3. d5 e6 4. Nc3 d6 5. dxe6 fxe6 6. e4 Nc6 7. Bb5 Bd7 8. O-O
Be7 9. Bf4 e5 10. Bg5 a6 11. Bxf6 Bxf6 12. Bxc6 Bxc6 13. Qd2 Qd7 14. Nd5 Rd8
15. a4 O-O 16. a5 Qe6 17. Rfd1 h6 18. Ra3 Kh8 19. Rd3 Rf7 20. c4 g5 21. h3 Bg7
22. Nh2 Qg6 23. f3 Kh7 24. Nb6 Bf8 25. Ng4 Qe6 26. Ne3 Rf6 27. Ned5 Rf7 28. Ne3
Rf6 29. Nf5 Rg6 30. g4 Rf6 31. Kg2 Kg8 32. b4 cxb4 33. Nd5 Bxd5 34. Rxd5 Rc8
35. Qxb4 Qf7 36. Rxd6 Rxd6 37. Rxd6 Bxd6 38. Qxd6 Qf8 39. Qe6+ Kh7 40. Qd7+ Kh8
41. Qxb7 Rxc4 42. Qxa6 Rc2+ 43. Kg3 Rc8 44. Qb7 Rb8 45. Qc7 Re8 46. a6 Qf6 47.
a7 Qf8 48. Qc6 Kh7 49. Qc7+ Kh8 50. Kf2 Kg8 51. Qc6 Kh7 52. Nxh6 Qb4 53. Qxe8
Qd2+ 54. Kf1 Qd1+ 55. Kf2 Qd2+ 56. Kg1 Qd1+ 57. Kh2 Qd2+ 58. Kh1 Qd1+ 59. Kh2
1/2-1/2

[Event "Plzen, FSB A"]
[Site "?"]
[Date "2003.??.??"]
[Round "6.31"]
[White "Cichy, M."]
[Black "Cedikova, K."]
[Result "1/2-1/2"]
[WhiteElo "2097"]
[BlackElo "2168"]
[PlyCount "67"]
[EventDate "2003.??.??"]
[Source "ChessBase"]
[SourceDate "1996.11.15"]

1. e4 c5 2. f4 d5 3. exd5 Nf6 4. c4 e6 5. dxe6 Bxe6 6. Nf3 Nc6 7. Be2 Bd6 8. d3
Qc7 9. g3 O-O-O 10. O-O h5 11. Nc3 a6 12. Be3 Bf5 13. Ne5 Qe7 14. Qd2 Nxe5 15.
fxe5 Qxe5 16. Bf4 Qe6 17. Rae1 Bh3 18. Bf3 Qd7 19. Rf2 h4 20. Ne4 Nxe4 21. dxe4
Be6 22. b3 h3 23. Rd1 Bxf4 24. Qxf4 Qe7 25. Rfd2 Rxd2 26. Qxd2 Qf6 27. Qe3 Qe5
28. Qf4 Qc3 29. e5 Rd8 30. Bxb7+ Kxb7 31. Rxd8 Qe1+ 32. Qf1 Qe3+ 33. Qf2 Qc1+
34. Qf1 1/2-1/2

[Event "Plzen, FSB A"]
[Site "?"]
[Date "2003.??.??"]
[Round "6.32"]
[White "Skacel, J."]
[Black "Vagner, T."]
[Result "0-1"]
[WhiteElo "2093"]
[BlackElo "2161"]
[PlyCount "128"]
[EventDate "2003.??.??"]
[Source "ChessBase"]
[SourceDate "1996.11.15"]

1. d4 Nf6 2. c4 c5 3. dxc5 Nc6 4. e3 e6 5. Nc3 Bxc5 6. Nf3 O-O 7. a3 a5 8. Be2
d5 9. cxd5 exd5 10. O-O Bg4 11. Qb3 Qb6 12. Qxb6 Bxb6 13. Rd1 Rad8 14. Nb5 Ne4
15. Kf1 Nc5 16. Nbd4 Ne6 17. Nb5 Rfe8 18. h3 Bh5 19. Bd2 d4 20. exd4 Bxf3 21.
Bxf3 Ncxd4 22. Nxd4 Nxd4 23. Be3 Re7 24. Rac1 h6 25. Bxd4 Rxd4 26. b3 Kh7 27.
a4 Rxd1+ 28. Rxd1 Rc7 29. Bd5 Bc5 30. Bc4 b6 31. Bb5 Bb4 32. g3 f5 33. Bc4 g5
34. Bd3 Kg6 35. g4 Rc3 36. Bxf5+ Kf6 37. Rd3 Rc1+ 38. Kg2 Bc5 39. Rf3 Ke5 40.
Bd3 Kd4 41. Bc4 Rc2 42. Rd3+ Ke4 43. Rf3 Rb2 44. Bd3+ Kd4 45. Bc4 Rd2 46. Re3
Rc2 47. Kf3 Rxc4 48. Re4+ Kc3 49. bxc4 Kb4 50. Ke2 Kxa4 51. f4 gxf4 52. Rxf4
Kb3 53. Kd3 a4 54. Rf1 Kb2 55. h4 a3 56. g5 a2 57. gxh6 Bf8 58. Rf2+ Kb3 59.
Rxa2 Kxa2 60. h7 Bg7 61. Ke4 Kb3 62. h5 Kxc4 63. h6 Bd4 64. Kf5 Kd5 0-1

[Event "Plzen, FSB A"]
[Site "?"]
[Date "2003.??.??"]
[Round "6.33"]
[White "Jaros, M."]
[Black "Galicek, S."]
[Result "0-1"]
[WhiteElo "1997"]
[BlackElo "2155"]
[PlyCount "62"]
[EventDate "2003.??.??"]
[Source "ChessBase"]
[SourceDate "1996.11.15"]

1. e4 c5 2. c3 Nf6 3. e5 Nd5 4. d4 cxd4 5. Nf3 Nc6 6. cxd4 d6 7. Bc4 e6 8. O-O
Be7 9. Qe2 O-O 10. Nc3 Nxc3 11. bxc3 dxe5 12. dxe5 Qc7 13. Qe4 Bd7 14. Re1 Rfd8
15. Bg5 Be8 16. Bd3 g6 17. Rad1 Rd5 18. c4 Ra5 19. Qh4 Rd8 20. Bxe7 Qxe7 21.
Ng5 h5 22. Qf4 Kg7 23. h4 Rd4 24. Qh2 Ra3 25. Re3 Qd8 26. Qg3 Ne7 27. Kh2 Rxa2
28. Rb1 Bc6 29. Be4 Qd7 30. Qf4 Nf5 31. Ree1 Qe7 0-1

[Event "Plzen, FSB A"]
[Site "?"]
[Date "2003.??.??"]
[Round "6.34"]
[White "Havlik jr., J."]
[Black "Barbet, L."]
[Result "1/2-1/2"]
[WhiteElo "2151"]
[BlackElo "1900"]
[PlyCount "116"]
[EventDate "2003.??.??"]
[Source "ChessBase"]
[SourceDate "1996.11.15"]

1. e4 c5 2. Nf3 e6 3. d4 cxd4 4. Nxd4 Nf6 5. Nc3 Nc6 6. Ndb5 Bb4 7. a3 Bxc3+ 8.
Nxc3 d5 9. exd5 exd5 10. Bd3 O-O 11. O-O d4 12. Ne2 Bg4 13. f3 Bh5 14. b4 Nd5
15. Be4 Qb6 16. Kh1 Ne3 17. Bxe3 dxe3 18. Nf4 Bg6 19. Nd5 Qd4 20. Ne7+ Kh8 21.
Nxc6 Qxd1 22. Rfxd1 Bxe4 23. fxe4 bxc6 24. Rd3 Rfe8 25. Rxe3 f5 26. Rae1 Rad8
27. h3 fxe4 28. Rxe4 Rxe4 29. Rxe4 Kg8 30. Re7 Rd2 31. c4 Rd4 32. c5 a5 33.
bxa5 Ra4 34. Ra7 Rxa3 35. Ra8+ Kf7 36. a6 Ra5 37. a7 Kg6 38. g3 Ra2 39. Kg1 Kh6
40. Kf1 Kg6 41. Ke1 Kh6 42. Kd1 Kg6 43. Kc1 Kh6 44. Kb1 Ra4 45. Kb2 Kg6 46. Kb3
Ra1 47. Kc4 Ra4+ 48. Kd3 Kf6 49. Ke3 Kg6 50. Rc8 Rxa7 51. Rxc6+ Kf5 52. Rd6 Ke5
53. Rd3 Rc7 54. Rc3 Rc6 55. h4 g6 56. Kf3 Kf5 57. g4+ Ke5 58. Ke3 h6 1/2-1/2

[Event "Plzen, FSB A"]
[Site "?"]
[Date "2003.??.??"]
[Round "6.37"]
[White "Bujak, M."]
[Black "Hodova, L."]
[Result "0-1"]
[WhiteElo "2159"]
[BlackElo "2059"]
[PlyCount "116"]
[EventDate "2003.??.??"]
[Source "ChessBase"]
[SourceDate "1996.11.15"]

1. e4 c5 2. Nf3 d6 3. d4 cxd4 4. Nxd4 Nf6 5. Nc3 a6 6. Bg5 e6 7. f4 Nbd7 8. Qf3
Qc7 9. O-O-O b5 10. e5 Bb7 11. Qg3 dxe5 12. fxe5 Qxe5 13. Bf4 Qc5 14. Nb3 Qb6
15. Bc7 Qa7 16. Be2 b4 17. Nb1 Rc8 18. Bf4 a5 19. Bb5 Be4 20. c3 a4 21. Nd4 a3
22. c4 axb2+ 23. Kxb2 Ra8 24. Qb3 Qb6 25. Bg5 Be7 26. Rhe1 Bxb1 27. Kxb1 Ra3
28. Qb2 O-O 29. Bxd7 Rfa8 30. Bb5 Rxa2 31. Qxa2 Rxa2 32. Kxa2 Qa5+ 33. Kb1 h6
34. Nc6 Qc7 35. Nxe7+ Qxe7 36. Bc1 Qb7 37. Bb2 Ne4 38. Rd7 Qa8 39. Red1 Kh7 40.
Kc2 Nc5 41. R1d2 Qe4+ 42. Kd1 Nxd7 43. Bxd7 Qxc4 44. Rd4 Qb3+ 45. Kc1 Qe3+ 46.
Rd2 b3 47. Kd1 Qg1+ 48. Ke2 Qxg2+ 49. Kd3 Qd5+ 50. Kc3 Qa5+ 51. Kd3 e5 52. Bc3
Qd5+ 53. Ke3 Qc5+ 54. Kd3 e4+ 55. Kxe4 Qxc3 56. Rd3 Qc4+ 57. Rd4 Qc2+ 58. Kd5
b2 0-1

[Event "Plzen, FSB A"]
[Site "?"]
[Date "2003.??.??"]
[Round "6.38"]
[White "Kolar, J."]
[Black "Sochor, S."]
[Result "1/2-1/2"]
[WhiteElo "2063"]
[BlackElo "2141"]
[PlyCount "31"]
[EventDate "2003.??.??"]
[Source "ChessBase"]
[SourceDate "1996.11.15"]

1. d4 d5 2. c4 e6 3. Nf3 c5 4. cxd5 exd5 5. Bg5 Nf6 6. Nc3 Be6 7. Qb3 Qb6 8.
Bxf6 gxf6 9. e3 Nc6 10. dxc5 Qxb3 11. axb3 Bxc5 12. Bb5 O-O 13. O-O Ne5 14. Nd4
a6 15. Be2 Bxd4 16. exd4 1/2-1/2

[Event "Plzen, FSB A"]
[Site "?"]
[Date "2003.??.??"]
[Round "6.39"]
[White "Kamenik, M."]
[Black "Purnoch, J."]
[Result "0-1"]
[WhiteElo "2057"]
[BlackElo "2139"]
[PlyCount "104"]
[EventDate "2003.??.??"]
[Source "ChessBase"]
[SourceDate "1996.11.15"]

1. e4 c5 2. f4 Nc6 3. Nf3 g6 4. Bb5 Nd4 5. Bd3 Bg7 6. c3 Nxf3+ 7. Qxf3 e6 8.
O-O d5 9. Bc2 Ne7 10. d3 O-O 11. Be3 Qc7 12. Bf2 b5 13. Nd2 Bb7 14. Rae1 a5 15.
h4 Rad8 16. Qh3 b4 17. e5 bxc3 18. bxc3 d4 19. c4 h5 20. g4 hxg4 21. Qxg4 f5
22. Qg3 Qc6 23. Kh2 Kf7 24. Bd1 Rh8 25. Bf3 Qc7 26. Rb1 Rb8 27. Bxb7 Rxb7 28.
Nf3 Bh6 29. Rb5 a4 30. Rfb1 Rxb5 31. Rxb5 Rb8 32. Ng5+ Bxg5 33. Qxg5 Rxb5 34.
Qf6+ Ke8 35. cxb5 Qa5 36. Qxe6 Qd2 37. Kg1 Qd1+ 38. Kg2 Qg4+ 39. Kh2 Qxf4+ 40.
Bg3 Qd2+ 41. Kg1 Qxd3 42. Bf2 Qb1+ 43. Kg2 Qxb5 44. Kg1 Qb1+ 45. Kg2 Qe4+ 46.
Kg1 Qg4+ 47. Kf1 Qh3+ 48. Kg1 Qg4+ 49. Kf1 d3 50. Qd6 Qe2+ 51. Kg2 d2 52. e6
d1=Q 0-1